Statystyki dla Cracovia Kraków, jesień 2019/2020

Kliknij tutaj aby rozwiązać quiz!

Ogólne statystyki

  • Ten quiz został rozwiązany 94 razy
    (85 od ostatniego zresetowania)
  • Średni wynik to 14 z 31

Statystyki odpowiedzi

PozycjaImię i Nazwisko% Poprawnych
ObrońcaKamil Pestka
82%
BramkarzMichal Peskovic
81%
PomocnikSergiu Hanca
73%
ObrońcaCornel Rapa
70%
BramkarzLukas Hrosso
70%
ObrońcaMichal Siplak
70%
ObrońcaMichał Helik
69%
PomocnikJanusz Gol
65%
BramkarzAdam Wilk
64%
PomocnikMichał Rakoczy
64%
ObrońcaDavid Jablonsky
62%
NapastnikRafael Lopes
62%
PomocnikMateusz Wdowiak
57%
PomocnikMilan Dimun
51%
NapastnikPelle van Amersfoort
50%
PomocnikSylwester Lusiusz
45%
NapastnikFilip Piszczek
42%
ObrońcaNiko Datković
42%
PomocnikDamian Dąbrowski
36%
PomocnikBojan Cecarić
35%
NapastnikSebastian Strózik
34%
ObrońcaDiego Ferraresso
32%
NapastnikRubio
30%
ObrońcaOleksii Dytiatiev
27%
NapastnikDaniel Pik
24%
PomocnikMarcin Budziński
22%
PomocnikPatryk Zaucha
14%
ObrońcaMateusz Pieńczak
7%
NapastnikVinicius
5%
PomocnikMatheus Santos
1%
ObrońcaDorian Pituła
0%

Rozkład punktacji

Percentyl według liczby udzielonych odpowiedzi

Procent ludzi z każdym wynikiem

Twoja historia wyników

Nie rozwiązałeś tego quizu od ostatniego zresetowania